Spon's estimating costs guide to electrical works (Record no. 105773)

MARC details
000 -LEADER
fixed length control field 01049cam a2200265 4500
001 - CONTROL NUMBER
control field ##L134685
008 - FIXED-LENGTH DATA ELEMENTS--GENERAL INFORMATION
fixed length control field 060825n2006 000 0 eng u
020 ## - INTERNATIONAL STANDARD BOOK NUMBER
International Standard Book Number 0415386144
035 ## - SYSTEM CONTROL NUMBER
System control number (Sirsi) u134685
041 0# - LANGUAGE CODE
Language code of text/sound track or separate title eng
050 04 - LIBRARY OF CONGRESS CALL NUMBER
Classification number 692.5 $2 18
100 1# - MAIN ENTRY--PERSONAL NAME
Personal name Spain, Bryan
245 00 - TITLE STATEMENT
Title Spon's estimating costs guide to electrical works
250 ## - EDITION STATEMENT
Edition statement 3rd ed.
260 ## - PUBLICATION, DISTRIBUTION, ETC.
Place of publication, distribution, etc. Abingdon
Name of publisher, distributor, etc. Taylor and Francis
Date of publication, distribution, etc. 2006
300 ## - PHYSICAL DESCRIPTION
Extent x, 288p.
Dimensions 22cm.
350 ## - PRICE (NR) (BK AM CF MU VM SE) [OBSOLETE]
Price 27.99
520 ## - SUMMARY, ETC.
Summary, etc. Written for contractors and small businesses carrying out small works, this book contains cost information and rates broken down into labour, material overheads and profit for residential, retail and light industrial premises. Includes typical project costs as well as information and advice on setting up and running a business, taxation, VAT and book-keeping.
520 ## - SUMMARY, ETC.
Summary, etc. Supersedes second edition (ISBN 041531853X)
590 ## - LOCAL NOTE (RLIN)
Local note IKA190906 NTK
651 #4 - SUBJECT ADDED ENTRY--GEOGRAPHIC NAME
Geographic name United Kingdom
Chronological subdivision
690 ## - LOCAL SUBJECT ADDED ENTRY--TOPICAL TERM (OCLC, RLIN)
Topical term or geographic name as entry element BUILT ENVIRONMENT-BUILDINGCOSTS
942 ## - ADDED ENTRY ELEMENTS (KOHA)
Suppress in OPAC 0
Holdings
Withdrawn status Lost status Source of classification or shelving scheme Damaged status Not for loan Home library Current library Shelving location Date acquired Total Checkouts Full call number Barcode Date last seen Date last checked out Copy number Price effective from Koha item type
    Dewey Decimal Classification     London London Basement 14/09/2006 5 BASEMENT 30073263 06/08/2019 23/04/2008 1 06/08/2019 Book